000
00285nam a2200109Ia 4500
008
171211s9999 xx 000 0 und d
245
_a
AutoCAD 2002 Bible
245
_c
Ellen Finkelstein
260
_c
2002
650
_x
SOFTWARE
856
_u
http://down.ebook777.com/061/0764536117.pdf
999
_c
349378
_d
349378